| 000 | 01094cam a2200289 4500 | ||
|---|---|---|---|
| 008 | 090401t1985 xxu||||| |||| 00| 0 eng d | ||
| 020 | _a0854062548 | ||
| 035 | _a(Sirsi) u40231 | ||
| 041 | _aeng | ||
| 050 |
_a690.2 _c18 |
||
| 090 | _aRICS 1990/81ABCDE | ||
| 110 |
_aRoyal Institution of Chartered Surveyors _94900 |
||
| 245 |
_aStructural surveys of residential property _ba guidance note |
||
| 250 | _a2nd ed. | ||
| 260 |
_aLondon _bRICS _c1985 |
||
| 300 |
_a20p. _c21cm. |
||
| 350 | _a3.60 | ||
| 490 | _aRICS Guidance Note | ||
| 520 | _aReprint of the second edition first published in 1985 (D16260). | ||
| 520 | _aSuperseded by third edition edition entitled "Building surveys of residential properties : a guidance note for surveyors" (ISBN 0854067760). Supersedes first edition "Structural surveys of residential property" (D15131). | ||
| 650 |
_aRESIDENTIAL PROPERTY _96266 |
||
| 650 | _aBUILT ENVIRONMENT-BUILDING SURVEYING-STRUCTURAL SURVEYING | ||
| 650 | _aBUILDING SURVEYS | ||
| 690 | _aBUILT ENVIRONMENT-BUILDING INSPECTION | ||
| 942 | _n0 | ||
| 948 | _c04/03/1997 | ||
| 999 |
_c90850 _d90850 |
||